|
|
|
|
| LEADER |
00000nam0a2200000 4500 |
| 001 |
371016 |
| 005 |
20231102012334.0 |
| 035 |
|
|
|a (RuTPU)RU\TPU\retro\28425
|
| 090 |
|
|
|a 371016
|
| 100 |
|
|
|a 20220826d1978 m y0rusy50 ca
|
| 101 |
0 |
|
|a rus
|
| 102 |
|
|
|a RU
|
| 105 |
|
|
|a y z 000zy
|
| 200 |
1 |
|
|a Наука - философия - идеология (некоторые актуальные проблемы марксисткой философии во Франции)
|f М. Н. Грецкий
|
| 210 |
|
|
|a Москва
|c Изд-во Московского ун-та
|d 1978
|
| 215 |
|
|
|a 128 с.
|
| 606 |
1 |
|
|a Философия
|2 stltpush
|3 (RuTPU)RU\TPU\subj\63880
|9 80812
|
| 606 |
1 |
|
|a Наука
|2 stltpush
|3 (RuTPU)RU\TPU\subj\45070
|9 64332
|
| 610 |
1 |
|
|a марксизм
|
| 610 |
1 |
|
|a эпистемология
|
| 610 |
1 |
|
|a научная революция
|
| 610 |
1 |
|
|a марксистская философия
|
| 610 |
1 |
|
|a французские философы
|
| 610 |
1 |
|
|a французская философия
|
| 686 |
|
|
|a Ю0/3
|2 rubbk
|
| 686 |
|
|
|a Ч21
|2 rubbk
|
| 700 |
|
1 |
|a Грецкий
|b М. Н.
|g Милий Николаевич
|
| 801 |
|
1 |
|a RU
|b 63413507
|c 20220826
|
| 942 |
|
|
|c BK
|